00401nam a2200157Ia 4500008004100000040001900041041001200060082002000072100001800092245003800110260003200148300001700180440002400197650000800221850001400229131103s9999 xx 000 0 und d aLoreto College aEnglish aREFbLCBED/5670 aWest, Anthony aElizabethan EnglandcAnthony West aNew YorkbThe Odysseyc1964 a pic.c 8cm. aThe Odyssey Library aREF aLCBED/REF